| 000 | 02245nam a2200241Ia 4500 | ||
|---|---|---|---|
| 003 | Ost | ||
| 005 | 20260507075338.0 | ||
| 008 | 260507s9999||||xx |||||||||||||| ||und|| | ||
| 020 | _a9789957525361 | ||
| 040 | _cfsecg | ||
| 041 | _aara | ||
| 082 | _a330 | ||
| 100 |
_aالزيادات، محمد _eمؤلف |
||
| 245 | 0 |
_aالتحديات التي تواجه منظمات الأعمال المعاصرة : _bالأزمة المالية والعالمية والأفاق المستقبلية / _c محمد الزيادات |
|
| 260 |
_aعمان: _bمكتبة المجتمع العربي, _c2011 |
||
| 300 |
_a526 صفحة؛ _bإيضاحات ؛ _c25 سم |
||
| 520 | _aالسياسة المالية في الاردن و الازمة المالية الاقتصادية العالمية ، الاستثمار في المشاريع الصغيرة و دوره في الحد من تأثير الازمة المالية في الاردن ، اثر المخاطرة النظامية في العائد الزائد للاسهم العادية ، آثار الازمة المالية العالمية على صناديق الثورة السيادية ، نحو تفعيل أدوات السياسة الضريبية لمواجهة الازمة المالية العالمية : حالة الجزائر ، الازمة المالية العالمية ، المؤسسات المالية السورية في ظل الازمة المالية العالمية ، دراسة فقهية لحكم الرهن العقالاي ، تداعيات الازمة العالمية على الجهاز المصرفي الاردني ،مع وجود أبحاث باللغة الانجليزية : the implication of unemploment in the united arab emirates and the global economiccrisi:the problem and solution , the impact of the world recent financial crisis on developing countries , the kconcept of business ethics as viewed , islamic financfacing risks of the international financil crisis , managemenet in the light of globalizathon and economic. | ||
| 653 | _aالأزمات الاقتصادية | ||
| 653 | _aالمالية | ||
| 653 | _aمنظمات أصحاب العمل | ||
| 700 |
_aالعبادي، سمير _eمؤلف ثانوي |
||
| 942 | _cكتاب | ||
| 999 |
_c44069 _d44069 |
||